00815nam a2200217 i 4500001000700000003000900007005001700016007000300033008004100036080001400077100003000091245014200121260003400263300004600297490003000343700002800373830003500401852002100436999001900457952012100476124567ES-MaACL20250813062628.0t|070330s1944 sp ||||1| spa d a38:6.00231 aMaurette, Fernand.97924314aLos grandes mercados de materias primas / cFernand Maurette ; traducción de la octava edición francesa por Joaquina Comas de Candel. aBarcelona : bLabor, c[1944] a218 p., map. intercal. : bil. ; c17 cm.1 aColección Labor ; v4150 aComas, Joaquina.93993400aColección Laborv4159184254 aES-MaACLjE-2876 c124567d124567 00104070aATENEOMbATENEOMcDEPO2d2008-01-17eSCl0oE-2876p1129782r2023-02-23 00:00:00w2023-02-23yMONOGRAFIA